Текст томруулах:    
The Modern American college (Бичлэгийн дугаар. 146049)
000 -УДИРДЛАГА
Удирдлага 00958nam a22003017a 4500
003 - ХЯНАЛТЫН ТОО ТОДОРХОЙЛОГЧ
Код MN-UlNUM
005 - БИЧИЛТ ХИЙСЭН ОГНОО
Тухайн бичилтийг бичсэн засварласан сүүлийн огноо 20260102120809.0
008 - ЕРӨНХИЙ МЭДЭЭЛЭЛ
Ерөнхий мэдээлэл 260102s1981 cauab||| |||| 001 0 eng |
020 ## - ISBN
ISBN 0875894666
040 ## - БИЧЛЭГ ҮҮСГЭГЧ БАЙГУУЛЛАГА
Бичлэг үүсгэгч номын сангийн код МУИС-ийн номын сан
084 ## - ББК АНГИЛАЛ
Нэмэлт тусгалт Бусад
ББК ангилал 74.58
Зохиогчийн гурван тэмдэгт M 78
Мэдлэгийн ялгаа 74 - Боловсрол
245 04 - ҮНДСЭН ГАРЧИГ
Номын нэр The Modern American college
Бага гарчгийн мэдээ Arthur W. Chickering and associates ; foreword by Nevitt Sanford.
250 ## - ДАХИН ХЭВЛЭЛТ
Дахин гаралтын дугаар 1st ed.
260 ## - ГАРАЛТЫН МЭДЭЭ
Хэвлэгдсэн газар San Francisco :
Хэвлэлийн газар Jossey-Bass,
Хэвлэгдсэн он 1981.
300 ## - МАТЕРИАЛЫН ТОДОРХОЙЛОЛТ
хуудасны тоо li, 810 p. :
Бусад тоон мэдээлэл ill. ;
Хэмжээ 26 cm.
500 ## - Тайлбар
Дансны дугаар БС 4810
546 ## - ХЭЛНИЙ ТУХАЙ МЭДЭЭ
Хэл Англи хэл дээр,
653 ## - Түлхүүр үг
Түлхүүр үг college students
653 ## - Түлхүүр үг
Түлхүүр үг universities and colleges
653 ## - Түлхүүр үг
Түлхүүр үг continuing education
700 1# - ХАМ ЗОХИОГЧИД
Ба бус Chickering, Arthur W.,
Dates associated with a name 1927-
740 ## - НОМЫН ГАРЧИГ
Гарчиг Today's Students and Their Needs
740 ## - НОМЫН ГАРЧИГ
Гарчиг Implications for Curriculum
740 ## - НОМЫН ГАРЧИГ
Гарчиг Consequences for Teaching, Student Services, and Administration
942 ## - ЭЛЕМЕНТИЙН ТӨРӨЛ
Зүйлийн төрөл Ном